| 000 | 00587nam a2200181 a 4500 | ||
|---|---|---|---|
| 020 | _a0395433053 | ||
| 082 | 0 | 0 |
_a620.11 _bFli _cNUST, P-27 |
| 100 | 1 |
_aFlinn, Richard Aloysius, _940733 |
|
| 245 | 1 | 0 |
_aEngineering materials and their applications / _cRichard A. Flinn, Paul K. Trojan. |
| 250 | _a4th ed. | ||
| 260 |
_aBoston : _bHoughton Mifflin, _cc1990. |
||
| 300 |
_a1 v. (various pagings) : _bill. (some col.) ; _c24 cm. |
||
| 526 |
_a0 _b0 _c0 _d620_110000000000000_FLI |
||
| 650 | 0 |
_aMaterials. _91466 |
|
| 650 | 0 |
_aNUST _96342 |
|
| 700 | 1 |
_aTrojan, Paul K. _940734 |
|
| 942 |
_2ddc _cBK |
||
| 999 |
_c544988 _d544988 |
||